Mots en 4 lettres terminant par I - Statistiques

Statistiques générales
  • Ce quiz a été pris 110 fois
  • Le résultat moyen est 9 sur 20
Statistiques - réponses
Description(s) Réponse(s) % Correct
Abominable homme des neiges dans Tintin au Tibet. Yeti
94%
Canari héros de dessins animés. Titi
77%
Nom d'un peintre, sculpteur, graveur et scénariste Espagnol. Dali
72%
Nom de couleur qui désigne une teinte brun jaunâtre, associée à l'uniforme militaire. Kaki
69%
Les villes de Tombouctou et Gao appartiennent à ce pays. Mali
69%
Pièce de viande cuite à feu vif, sans sauce, à la broche ou au four. Rôti
53%
Jeu de cartes et nom d'un Champion du Monde de Foot Français. Rami
52%
Titre de chanson de Pierre Perret. Rien à voir avec Lily... Zizi
51%
Capitale des Pouilles et l'une des plus importantes villes du sud de l'Italie. Bari
45%
Auteur du but vainqueur pour l'OM contre Milan AC en finale de la Ligue des Champions en 1993. Boli
44%
Personnage du film "Un indien dans la ville". Première partie de son nom composé. Mimi
42%
Ville de Colombie et nom de scène d'un chanteur Français. Cali
39%
Surnom de l'Equipe Suisse de Football. Nati
37%
Trouble qui naît de l'appréhension, d'une émotion sensuelle. Émoi
31%
Avantagé ou désavantagé par le sort, selon son emploi suivant le qualificatif "bien" ou "mal". Loti
27%
Guerrier, gardien de la paix dans la galaxie de l'univers de Star Wars. Jedi
26%
Oiseau passereau (corvidé) de la taille du pigeon. Geai
24%
Désigne la chose la plus proche, ce qui va suivre, ou simplement une chose opposée à une autre. Ceci
18%
Vieille formule politique datant de la 3ème République, marquant chez les modérés le refus des extrêmes. NiNi
16%
Seul Italien à compter à son palmarès les deux courses cyclistes pavées : Paris-Roubaix 1999 et Tour des Flandres 2002. Tafi
5%
Aucun quiz correspondant
Distribution des résultats
% des personnes avec chaque résultat
Percentile par nombre de réponses
Votre historique - résultats
Vous n’avez pas pris ce quiz